00214 a2200109 4500001000700000020000600007040001100013100001800024240002900042245002400071362000900095168036 a  cMagnum aSnyder, Robin10aA guerra dos gobotslpor10aA guerra dos gobots0 a1899